| 000 | 00752nam a2200181 i 4500 | ||
|---|---|---|---|
| 001 | 43787 | ||
| 003 | ES-MaACL | ||
| 005 | 20251217063016.0 | ||
| 007 | t| | ||
| 008 | 030318s1876 sp ||||1| spa d | ||
| 100 | 1 |
_aCervino y Ferrero, Joaquín José, _d1817-1883 _9173899 |
|
| 245 | 1 | 3 |
_aLa Mallorquina _b: canto épico premiado con el brote de laurel de oro en el certámen abierto por ... Ayuntamiento de Valencia para celebrar al rey don Jaime el Conquistador en el sexto centenario de su fallecimiento / _cJoaquín José Cervino. |
| 250 | _aEd. especial. | ||
| 260 |
_aMadrid : _b[s.n.], _c1876 ( _fImp. de T. Fortanet) |
||
| 300 |
_a32 p. ; _c25 cm. |
||
| 852 |
_aES-MaACL _jT-518-F-4 _z.- Ded. ms. del autor |
||
| 999 |
_c43787 _d43787 |
||